000 00386nam a2200145Ia 4500
008 230917s9999||||xx |||||||||||||| ||und||
040 _e79659
_aMAIN
041 _aEnglish
082 _a346.0482 W585P(2)
100 _aWhite, T A Blanco
245 0 _aPatents-trade marks, copyright and industrial design
250 _a2nd ed.
260 _aLondon
_bSweet & Maxwell
_c1981
942 _cBK
999 _c38975
_d38975